000 nam a22 7a 4500
999 _c30411
_d30411
008 190522b xxu||||| |||| 00| 0 eng d
020 _a9789966811271
040 _amksu
050 _aBX 6333
_b.E45 2004
100 _aElisha P. M.
245 _aEffective kingdom living :
_ba prophetic perspective /
_cP. M. Elisha.
260 _aNairobi,Kenya :
_bKing's Script Publishers,
_c2004.
300 _a65p. ;
_c21cm.
650 _aSermons.
942 _2lcc
_cAFRICANA
_hBX 6333 .E45 2004